000
00294nam a2200121Ia 4500
008
220204s9999 xx 000 0 und d
082
_a
629.119
_b
PLA
100
_a
Platt, Maurice
245
0
_a
Automobile brakes and brake testing
250
_a
4
260
_a
London
_b
Pitman
_c
1968
942
_c
BK
999
_c
27879
_d
27879